000 00544nam a22002171c 4500
001 a987685280
008 170705s1977 gw |||| 000u rus d
041 _arus
100 1 _aLevitin-Krasnov, Anatolij E.
245 0 0 _aLichie gody :
_b1925 - 1941 ; vospominansja
264 _aParis :
_bYuca-Pr.,
_c1977
300 _a456 S.
600 0 _aLevitin-Krasnov, Anatolij E.
648 0 _a<1925-1941>
650 0 _aOstkirche
650 0 _aVerfolgung
651 0 _aSowjetunion
942 _cMG
040 _cRU-10907106
003 RU-10907106
999 _c32981
_d32981